Elenca la formazione - Quiz n°151 - Statistics

Statistiche generali
  • Questo quiz è stato fatto 44 volte
  • Il punteggio medio è 8 su 11
Statistiche sulle risposte
Ruolo Nazione Calciatore % Corretto
Portiere Spagna David de Gea
100%
Difensore Ecuador Antonio Valencia
90%
Ala Francia Anthony Martial
80%
Attaccante Inghilterra Marcus Rashford
76%
Difensore Paesi Bassi Daley Blind
71%
Difensore Argentina Marcos Rojo
71%
Trequartista Belgio Marouane Fellaini
71%
Ala Spagna Juan Mata
68%
Centrocampista Inghilterra Michael Carrick
68%
Difensore Inghilterra Chris Smalling
61%
Centrocampista Inghilterra Wayne Rooney
56%
Nessun quiz corrispondente trovato
Distribuzione punteggi
Percentuale di utenti per punteggio
Percentile per numero di risposta
I tuoi punteggi nel tempo
Non hai fatto questo quiz